Nuevas interpretaciones de Atacama.
Gardado en:
| Autor Principal: | |
|---|---|
| Outros autores: | , , |
| Formato: | Libro |
| Idioma: | Lingua castelá |
| Publicado: |
Atacama, Chile:
Consejo Nacional de la Cultura y las Artes,
[2016].
|
| Subjects: | |
| Tags: |
Engadir etiqueta
Sen Etiquetas, Sexa o primeiro en etiquetar este rexistro!
|
MARC
| LEADER | 00000nam a22000007a 4500 | ||
|---|---|---|---|
| 003 | CL-VaPUC | ||
| 005 | 20250321101917.0 | ||
| 008 | 250113t2016 ||||| |||| 00| 0 spa d | ||
| 999 | |c 446457 |d 446455 | ||
| 020 | |a 978-956-638-317-2 | ||
| 040 | |c Pontificia Universidad Católica de Valparaíso | ||
| 082 | |2 22 |a 770.983 ACU [2016] | ||
| 100 | |9 895262 |a Acuña, Pía |e imágenes | ||
| 245 | |a Nuevas interpretaciones de Atacama. | ||
| 260 | |a Atacama, Chile: |b Consejo Nacional de la Cultura y las Artes, |c [2016]. | ||
| 300 | |a 131 páginas: |b fotografías. | ||
| 500 | |a c.1-2: Instituto Arcos. 08-01-2025. | ||
| 500 | |a Proyecto FONDART N° Folio 238275. | ||
| 583 | |c 20250113 |k Yessy Sthefany Diaz Vidal | ||
| 650 | 0 | |9 862289 |a Fotografía chilena |z Atacama |y Siglo 21 | |
| 650 | 0 | |9 327623 |a Fotógrafos |z Norte de Chile | |
| 700 | |9 895263 |a Alarcón, Romy |e imágenes | ||
| 700 | |9 895264 |a Rojas, Carlos |e imágenes | ||
| 700 | |9 895268 |a Andaur, Rodolfo |e editor | ||
| 942 | |2 ddc |c BK |n 0 | ||
| 952 | |0 0 |1 0 |2 ddc |4 0 |6 770_983000000000000_ACU_2016 |7 0 |8 A |9 599172 |a BIBINC |b BIBINC |d 2025-01-13 |e Instituto Arcos |i 5664004 |o 770.983 ACU [2016] |p 5664004 |r 2025-01-13 |t 1 |w 2025-01-13 |y BK |k IFP | ||
| 952 | |0 0 |1 0 |2 ddc |4 0 |6 770_983000000000000_ACU_2016 |7 0 |8 A |9 599173 |a BIBINC |b BIBINC |d 2025-01-13 |e Instituto Arcos |i 5664005 |o 770.983 ACU [2016] |p 5664005 |r 2025-01-13 |t 2 |w 2025-01-13 |y BK |k IFP | ||